Online
Catalog

Vejigantes / (Record no. 40324)

MARC details
000 -CABECERA
campo de control de longitud fija 00532nam a2200169 a 4500
001 - NÚMERO DE CONTROL
campo de control 000040834
005 - FECHA Y HORA DE LA ÚLTIMA TRANSACCIÓN
campo de control 20201002034420.0
008 - DATOS DE LONGITUD FIJA--INFORMACIÓN GENERAL
campo de control de longitud fija 130909s2006 cl a 000 0 spa d
020 ## - NÚMERO INTERNACIONAL ESTÁNDAR DEL LIBRO
Número Internacional Estándar del Libro 1567589820
040 ## - FUENTE DE LA CATALOGACIÓN
Centro catalogador/agencia de origen DO-SdBNP
Lengua de catalogación spa
Centro/agencia transcriptor BNPHU
100 1# - ENTRADA PRINCIPAL--NOMBRE DE PERSONA
Nombre de persona Arriví, Francisco
9 (RLIN) 38507
245 10 - MENCIÓN DE TÍTULO
Título Vejigantes /
Mención de responsabilidad, etc. Francisco Arriví, Editor Francisco M. Vásquez.
250 ## - MENCIÓN DE EDICIÓN
Mención de edición 20a ed.
260 ## - PUBLICACIÓN, DISTRIBUCIÓN, ETC.
Lugar de publicación, distribución, etc. San Juan Puerto Rico :
Nombre del editor, distribuidor, etc. Cultural,
Fecha de publicación, distribución, etc. 2006.
300 ## - DESCRIPCIÓN FÍSICA
Extensión 126 p. ;
Dimensiones 23 cm.
500 ## - NOTA GENERAL
Nota general Incluye datos biográficos del autor en la contracubierta
Holdings
Estado de retiro Estado de pérdida Restricciones de uso No para préstamo Código de colección Localización permanente Ubicación/localización actual Ubicación en estantería Fecha de adquisición Número de inventario Total de préstamos Signatura topográfica completa Código de barras Fecha visto por última vez Precio válido a partir de Tipo de ítem Koha
        Monografías: Libros y Folletos General General En catalogación 09.09.2013 LF1   40834-10 25.06.2020 25.06.2020 Préstamo en sala

Powered by Koha